000 00968cam a2200241 i 4500
003 OSt
005 20251103115953.0
008 251101s1966 su f f00000 ara c
040 _aSA-JeALM
_bara
_cSA-RiAUC
_erda
043 _aa-su---
082 0 4 _a343.5310946
_qSA-RiAUC
090 _a343.5310946
_bس ع و
110 1 _aالسعودية.
_bوزارة الداخلية
_eمؤلف.
245 1 0 _aتعديل نظام السيارات وتعليمات سائقي السيارات الحكومية والأهلية ومعاونيهم /
_cوزارة الداخلية.
264 1 _aالرياض :
_bوزارة الداخلية،
_c1964
300 _a16 صفحة ؛
_c24 سم
336 _aنص
_btxt
_2rdacontent
_3كتاب
337 _aبدون وسيط
_bn
_2rdamedia
338 _aمجلد
_bnc
_2rdacarrier
650 7 _aالمرور
_xقوانين وتشريعات
_zالسعودية
_2aucsh
942 _2ddc
_cBOOK
_n0
949 _aSA-JeALM
_d251101
_umohamedma123
_n1
999 _c12966
_d12966